000 00379 a2200169 4500
001 177188
020 _a978-85-08-10857-2
040 _cMagnum
100 _aMezinski, Pierre
240 1 0 _aAs faces da violência
_lpor
245 1 0 _aAs faces da violência
300 _a101
362 0 _a2008
440 1 _aÁtica
697 _aPSICOLOGIA E DISCIPLINAS AFINS
942 _cBK
999 _c177188
_d177188